[Event "WC-2014-Q-00006"]
[Site "LSS email"]
[Date "2014.11.12"]
[Round "?"]
[White "De Jesus, Gerard"]
[Black "Krueger, Hilmar"]
[Result "1/2-1/2"]
[WhiteElo "2374"]
[BlackElo "2287"]
[PlyCount "80"]
[EventDate "2014.11.20"]
[EventType "tourn (corr)"]
[EventRounds "12"]
[EventCountry "GER"]
[SourceTitle "Corr 2022"]
[Source "ChessBase"]
[SourceDate "2021.10.24"]
[SourceVersion "1"]
[SourceVersionDate "2021.10.24"]
[SourceQuality "1"]

1. e4 c5 2. Nc3 Nc6 3. f4 g6 4. Nf3 Bg7 5. Bb5 Nd4 6. 0-0 a6 7. Bc4 b5 8. Bd5 Rb8 9. d3 e6 10. Bb3 Bb7 11. Nxd4 Bxd4+ 12. Kh1 Ne7 13. Ne2 Bg7 14. c3 0-0 15. Be3 c4 16. Bc2 f5 17. dxc4 fxe4 18. c5 Nf5 19. Qd2 Qh4 20. Bf2 Qg4 21. Ng3 Nxg3+ 22. Bxg3 Bc6 23. a3 Qf5 24. Rae1 a5 25. Re3 Bh6 26. Qe1 Qxc5 27. Bxe4 Rf7 28. Bxc6 Qxc6 29. Re4 Rf5 30. Qe2 Rbf8 31. Rf3 R8f7 32. h3 Bf8 33. Kh2 Bd6 34. c4 Qb7 35. Rb3 b4 36. axb4 Bxb4 37. Rd3 Qc6 38. b3 Bd6 39. Red4 Bc5 40. Re4 Bd6 1/2-1/2

[Event "WC-2014-Q-00006"]
[Site "LSS email"]
[Date "2014.11.12"]
[Round "?"]
[White "De Jesus, Gerard"]
[Black "Zakharov, Oleg Yu"]
[Result "1/2-1/2"]
[WhiteElo "2374"]
[BlackElo "2268"]
[PlyCount "135"]
[EventDate "2014.11.20"]
[EventType "tourn (corr)"]
[EventRounds "12"]
[EventCountry "GER"]
[SourceTitle "Corr 2022"]
[Source "ChessBase"]
[SourceDate "2021.10.24"]
[SourceVersion "1"]
[SourceVersionDate "2021.10.24"]
[SourceQuality "1"]

1. c4 e5 2. Nc3 Nf6 3. g3 Bb4 4. Bg2 0-0 5. Nf3 Re8 6. 0-0 c6 7. d3 h6 8. Bd2 Bf8 9. e4 d6 10. a3 Be6 11. b3 Nbd7 12. Re1 a6 13. d4 Bg4 14. d5 Rc8 15. h3 Bh5 16. Qb1 cxd5 17. cxd5 Nh7 18. Nh4 Be7 19. Nf5 Bg6 20. Nxe7+ Qxe7 21. Nd1 Nc5 22. Ne3 Nf6 23. f3 Nh5 24. Kh2 Qg5 25. Nf1 Qe7 26. Qd1 f5 27. exf5 Bf7 28. Bb4 Nf6 29. Ne3 b5 30. Re2 Qb7 31. Rb1 Qb6 32. Rbb2 a5 33. Be1 Kh7 34. g4 Kh8 35. Bg3 Qa7 36. Rbc2 Ra8 37. Rc3 Rac8 38. Re1 Qb6 39. b4 axb4 40. axb4 Ncd7 41. Rb3 Ra8 42. Qd2 Qb7 43. Rc3 Nxd5 44. f4 e4 45. Nxd5 Bxd5 46. g5 Ra2 47. Rc2 Rxc2 48. Qxc2 e3 49. Bxd5 Qxd5 50. Rd1 Qf7 51. gxh6 Ra8 52. hxg7+ Kh7 53. f6+ Kg8 54. Qc3 Nxf6 55. Qxe3 Ra2+ 56. Kg1 d5 57. Rc1 Ra8 58. Bh4 Re8 59. Qf3 Qh5 60. Qg3 Qf5 61. Bxf6 Qxf6 62. Rc2 Qxg7 63. Kh2 Qxg3+ 64. Kxg3 Re4 65. Rc5 Rxb4 66. Rxd5 Rb1 67. Kg4 b4 68. Rb5 1/2-1/2

[Event "WC-2014-Q-00006"]
[Site "LSS email"]
[Date "2014.11.12"]
[Round "?"]
[White "Krueger, Hilmar"]
[Black "De Jesus, Gerard"]
[Result "1/2-1/2"]
[WhiteElo "2287"]
[BlackElo "2374"]
[PlyCount "61"]
[EventDate "2014.11.20"]
[EventType "tourn (corr)"]
[EventRounds "12"]
[EventCountry "GER"]
[SourceTitle "Corr 2022"]
[Source "ChessBase"]
[SourceDate "2021.10.24"]
[SourceVersion "1"]
[SourceVersionDate "2021.10.24"]
[SourceQuality "1"]

1. e4 d6 2. d4 Nf6 3. Nc3 c6 4. f4 Qa5 5. Bd2 e5 6. fxe5 dxe5 7. dxe5 Ng4 8. Qf3 Na6 9. Qf4 Nb4 10. Rc1 Qxe5 11. a3 Na6 12. Qxe5+ Nxe5 13. Nf3 Nxf3+ 14. gxf3 Nc5 15. Rd1 Be7 16. Rg1 g6 17. Be3 0-0 18. Kf2 Be6 19. Kg3 Rad8 20. Be2 a5 21. f4 f5 22. e5 Kf7 23. Bf3 Rg8 24. h4 h6 25. b3 Rxd1 26. Rxd1 Na6 27. Ra1 Nc7 28. a4 Nd5 29. Nxd5 Bxd5 30. Bxd5+ cxd5 31. Rd1 1/2-1/2

[Event "WC-2014-Q-00006"]
[Site "LSS email"]
[Date "2014.11.12"]
[Round "?"]
[White "Malashenkov, Alexei"]
[Black "De Jesus, Gerard"]
[Result "1/2-1/2"]
[WhiteElo "2482"]
[BlackElo "2374"]
[PlyCount "69"]
[EventDate "2014.11.20"]
[EventType "tourn (corr)"]
[EventRounds "12"]
[EventCountry "GER"]
[SourceTitle "Corr 2022"]
[Source "ChessBase"]
[SourceDate "2021.10.24"]
[SourceVersion "1"]
[SourceVersionDate "2021.10.24"]
[SourceQuality "1"]

1. e4 d6 2. d4 g6 3. Nc3 a6 4. Nf3 Bg7 5. Bc4 e6 6. 0-0 Ne7 7. a4 b6 8. d5 e5 9. Ne1 0-0 10. Nd3 Nd7 11. f3 Kh8 12. b3 f5 13. Nb4 Nf6 14. Qe2 a5 15. Nd3 f4 16. g4 g5 17. Bb2 Neg8 18. Kf2 h5 19. h3 Nh6 20. Ke1 h4 21. Kd2 Nhg8 22. Rad1 Nd7 23. Ba3 Ngf6 24. Kc1 Bb7 25. Bb5 Nb8 26. Rde1 Nfd7 27. Nb1 Qe7 28. Nd2 Na6 29. Nc4 Rfd8 30. Rd1 Kg8 31. Kb1 Bf6 32. Qd2 Qg7 33. Nf2 Nac5 34. Bb2 Qe7 35. Rg1 1/2-1/2

[Event "CP-2013-P-00024"]
[Site "LSS email"]
[Date "2013.09.30"]
[Round "?"]
[White "Borisovs, Leonids"]
[Black "De Jesus, Gerard"]
[Result "1/2-1/2"]
[WhiteElo "2078"]
[BlackElo "2301"]
[PlyCount "63"]
[EventDate "2013.10.01"]
[EventType "tourn (corr)"]
[EventRounds "6"]
[EventCountry "GER"]
[SourceTitle "Corr 2015"]
[Source "ChessBase"]
[SourceDate "2015.07.17"]
[SourceVersion "1"]
[SourceVersionDate "2015.07.17"]
[SourceQuality "1"]

1. d4 Nf6 2. c4 e6 3. Nf3 Bb4+ 4. Nbd2 b6 5. a3 Bxd2+ 6. Bxd2 Bb7 7. e3 d6 8. Bd3 Nbd7 9. 0-0 0-0 10. b4 e5 11. Be2 Ne4 12. Qc2 Nxd2 13. Nxd2 Qe7 14. d5 a5 15. Rfd1 f5 16. e4 fxe4 17. Nxe4 Nf6 18. Bd3 g6 19. Re1 Nh5 20. Qd2 Bc8 21. Bf1 Nf6 22. Nc3 Bd7 23. Rac1 Rf7 24. h3 axb4 25. axb4 Nh5 26. Ne4 Nf4 27. g3 Nxh3+ 28. Bxh3 Bxh3 29. Ng5 Ra2 30. Qxa2 Qxg5 31. c5 Bg4 32. cxb6 1/2-1/2

[Event "CP-2013-P-00024"]
[Site "LSS email"]
[Date "2013.09.30"]
[Round "?"]
[White "Lorenzo, Alfredo"]
[Black "De Jesus, Gerard"]
[Result "1/2-1/2"]
[WhiteElo "2000"]
[BlackElo "2301"]
[PlyCount "69"]
[EventDate "2013.10.01"]
[EventType "tourn (corr)"]
[EventRounds "6"]
[EventCountry "GER"]
[SourceTitle "Corr 2015"]
[Source "ChessBase"]
[SourceDate "2015.07.17"]
[SourceVersion "1"]
[SourceVersionDate "2015.07.17"]
[SourceQuality "1"]

1. e4 d6 2. d4 Nf6 3. Nc3 c6 4. Nf3 g6 5. Be2 Bg7 6. 0-0 0-0 7. h3 Nbd7 8. Bf4 Qc7 9. Qd2 e5 10. Bh6 Re8 11. dxe5 dxe5 12. a4 b6 13. Be3 Bf8 14. Bg5 Be7 15. Bh6 Nc5 16. Ng5 Ne6 17. Qe3 Bf8 18. Bxf8 Rxf8 19. Rfd1 Nd4 20. Rd2 Be6 21. Nxe6 Nxe6 22. Bc4 Nc5 23. b4 Nb7 24. Rad1 Rad8 25. Rd3 a5 26. b5 cxb5 27. Bxb5 Rxd3 28. cxd3 Qxc3 29. Qxb6 Nxe4 30. dxe4 Nc5 31. Qc6 Qb4 32. Qd6 Qc3 33. Qc6 Qb4 34. Qd6 Qc3 35. Qc6 1/2-1/2

[Event "WC-2011-F-00001"]
[Site "LSS email"]
[Date "2011.11.23"]
[Round "?"]
[White "De Jesus, Gerard"]
[Black "Bubir, Alex Nikolaevich"]
[Result "1/2-1/2"]
[WhiteElo "2313"]
[BlackElo "2444"]
[PlyCount "74"]
[EventDate "2011.12.01"]
[EventType "tourn (corr)"]
[EventRounds "14"]
[EventCountry "GER"]
[SourceTitle "Telechess CBM 163"]
[Source "ChessBase"]
[SourceDate "2014.11.11"]
[SourceVersion "2"]
[SourceVersionDate "2014.11.11"]
[SourceQuality "1"]

1. e4 c5 2. Nc3 Nc6 3. f4 g6 4. Nf3 Bg7 5. Bb5 Nd4 6. 0-0 Nxb5 7. Nxb5 d6 8. d3 Nf6 9. Qe1 0-0 10. Qh4 c4 11. Nc3 cxd3 12. cxd3 Qb6+ 13. Kh1 Re8 14. h3 d5 15. a4 dxe4 16. dxe4 Rd8 17. a5 Qc6 18. Ne5 Qc5 19. Re1 Be6 20. Be3 Qb4 21. Qf2 Nxe4 22. Nxe4 Qxe4 23. Bb6 Qb4 24. Bxd8 Rxd8 25. Rad1 Rxd1 26. Rxd1 Bxe5 27. fxe5 Qxa5 28. Qh4 Qc7 29. Qd4 Qc2 30. Ra1 a6 31. Kh2 Qc7 32. Ra3 Bd7 33. Rd3 Be8 34. Qc3 Bc6 35. Qd4 Be8 36. Kh1 Qc1+ 37. Kh2 Qc7 1/2-1/2

[Event "WC-2011-F-00001"]
[Site "LSS email"]
[Date "2011.11.23"]
[Round "?"]
[White "De Jesus, Gerard"]
[Black "Daus, Peter"]
[Result "1/2-1/2"]
[WhiteElo "2313"]
[BlackElo "2430"]
[PlyCount "124"]
[EventDate "2011.12.01"]
[EventType "tourn (corr)"]
[EventRounds "14"]
[EventCountry "GER"]
[SourceTitle "Telechess CBM 163"]
[Source "ChessBase"]
[SourceDate "2014.11.11"]
[SourceVersion "2"]
[SourceVersionDate "2014.11.11"]
[SourceQuality "1"]

1. e4 d6 2. d4 Nf6 3. Nc3 g6 4. Be3 Bg7 5. Qd2 0-0 6. Nf3 a6 7. Bd3 Nc6 8. h4 h5 9. d5 Nb8 10. Bh6 Nbd7 11. Bxg7 Kxg7 12. 0-0 Ne5 13. Nxe5 dxe5 14. Qg5 Qd6 15. Rad1 b5 16. a3 Ng4 17. Be2 Bd7 18. g3 Qc5 19. Rd3 f6 20. Qd2 Nh6 21. Kg2 Nf7 22. Nd1 Qa7 23. Qe3 Qb7 24. f3 Rfc8 25. Rd2 c6 26. Nc3 a5 27. dxc6 Bxc6 28. Ra1 Nd6 29. Nd1 a4 30. Bd3 Rd8 31. Rf2 b4 32. Qe1 Rab8 33. axb4 Qxb4 34. Qxb4 Rxb4 35. c3 Rbb8 36. Ne3 e6 37. Bc4 Nxc4 38. Nxc4 Bb5 39. Na3 Bd3 40. Re1 Kh6 41. Kh2 g5 42. Rd1 Ba6 43. Rxd8 Rxd8 44. Nc2 gxh4 45. gxh4 Kg6 46. Nb4 Bb5 47. Kg3 Kf7 48. Rc2 Ke7 49. Kf2 Rd1 50. Ke3 Re1+ 51. Kf2 Rh1 52. c4 Rh2+ 53. Ke3 Rxc2 54. Nxc2 Bxc4 55. Na3 Bb3 56. Nb5 f5 57. Kd2 f4 58. Kd3 Bd1 59. Nc3 Bxf3 60. Nxa4 Bg2 61. Nc5 Kd6 62. b4 Bf1+ 1/2-1/2

[Event "CP-2011-P-00017"]
[Site "LSS email"]
[Date "2011.09.30"]
[Round "?"]
[White "De Jesus, Gerard"]
[Black "Lavis, Jon"]
[Result "1-0"]
[WhiteElo "2311"]
[BlackElo "2030"]
[PlyCount "89"]
[EventDate "2011.10.01"]
[EventType "tourn (corr)"]
[EventRounds "6"]
[EventCountry "GER"]
[SourceTitle "Telechess CBM 165"]
[Source "ChessBase"]
[SourceDate "2015.03.11"]
[SourceVersion "1"]
[SourceVersionDate "2015.03.11"]
[SourceQuality "1"]

1. e4 g6 2. d4 Bg7 3. Nc3 d6 4. Be3 a6 5. Nf3 b5 6. Bd3 Bb7 7. a4 c5 8. axb5 cxd4 9. Nxd4 Nf6 10. 0-0 0-0 11. f3 axb5 12. Rxa8 Bxa8 13. Bxb5 Nbd7 14. Qd2 Ne5 15. b3 Bb7 16. Ra1 Qb8 17. h3 Rd8 18. Ra4 e6 19. f4 Ned7 20. Nc6 Bxc6 21. Bxc6 Qc7 22. Bxd7 Qxd7 23. Rd4 Ne8 24. e5 Qc6 25. Ne4 d5 26. Rc4 Qb5 27. Nc3 Qb7 28. Ra4 Bf8 29. Ne2 Rc8 30. Kh2 Ng7 31. g4 Ne8 32. Qd3 Nc7 33. Nd4 Qb6 34. Kg3 Bc5 35. h4 Kh8 36. h5 gxh5 37. gxh5 h6 38. f5 Bxd4 39. Bxd4 Qc6 40. Rb4 Rg8+ 41. Kf2 Qe8 42. Ke1 Rg4 43. Kd2 Qg8 44. Kc1 Qg5+ 45. Kb2 1-0

[Event "CP-2011-P-00017"]
[Site "LSS email"]
[Date "2011.09.30"]
[Round "?"]
[White "Gumenchuk, Aleksandr"]
[Black "De Jesus, Gerard"]
[Result "1/2-1/2"]
[WhiteElo "1974"]
[BlackElo "2311"]
[PlyCount "81"]
[EventDate "2011.10.01"]
[EventType "tourn (corr)"]
[EventRounds "6"]
[EventCountry "GER"]
[SourceTitle "Telechess CBM 165"]
[Source "ChessBase"]
[SourceDate "2015.03.11"]
[SourceVersion "1"]
[SourceVersionDate "2015.03.11"]
[SourceQuality "1"]

1. c4 Nf6 2. Nf3 e6 3. Nc3 Bb4 4. Qc2 0-0 5. e3 b6 6. Be2 Bb7 7. 0-0 Bxc3 8. Qxc3 d6 9. d3 a5 10. b3 c5 11. Bb2 Nc6 12. h3 e5 13. a3 Re8 14. Rfe1 Qd7 15. d4 Qf5 16. Bd3 e4 17. Bc2 Qg6 18. dxc5 bxc5 19. Red1 Re6 20. Kf1 Ba6 21. Kg1 Bb7 22. Rab1 Qh5 23. Nh2 Ne5 24. b4 Nfd7 25. bxc5 Nxc5 26. Nf1 Bc6 27. Ng3 Qg5 28. Ba1 Ncd3 29. Bxd3 exd3 30. Rb6 Rc8 31. Qb3 h5 32. Bxe5 dxe5 33. Qxd3 h4 34. Rxc6 Rexc6 35. Ne4 Qe7 36. c5 g6 37. Qc4 Rxc5 38. Nxc5 Rxc5 39. Qa4 Kg7 40. Kh2 Rc3 41. Qxa5 1/2-1/2

[Event "LSS WC-2013-S-00007"]
[Site "LSS email"]
[Date "2010.07.20"]
[Round "?"]
[White "De Jesus, Gerard"]
[Black "Gildred, Terrence L Nick"]
[Result "1-0"]
[WhiteElo "2259"]
[BlackElo "2281"]
[PlyCount "149"]
[EventDate "2010.07.25"]
[EventType "tourn (corr)"]
[EventRounds "10"]
[EventCountry "GER"]
[SourceTitle "Telechess CBM 147"]
[Source "ChessBase"]
[SourceDate "2012.03.16"]
[SourceVersion "1"]
[SourceVersionDate "2012.03.16"]
[SourceQuality "1"]

1. e4 g6 2. d4 Bg7 3. Nc3 c6 4. Nf3 d6 5. Be3 Nd7 6. Qd2 b5 7. Bd3 Ngf6 8. Bh6 0-0 9. Bxg7 Kxg7 10. e5 dxe5 11. dxe5 Ng4 12. Qg5 Nc5 13. Rd1 Nxd3+ 14. Rxd3 Qb6 15. 0-0 Bf5 16. Rd2 f6 17. Qf4 Rad8 18. Re2 Nh6 19. Rfe1 Rd7 20. h3 g5 21. Qc1 c5 22. Ne4 Ng8 23. c4 b4 24. Qe3 Rfd8 25. Nexg5 fxg5 26. e6 Rd3 27. Qe5+ Kg6 28. Nxg5 Qd6 29. Nf7 Qxe5 30. Nxe5+ Kf6 31. g4 R8d4 32. gxf5 Rxh3 33. Kg2 Rh5 34. Re3 Rg5+ 35. Kf1 Rf4 36. Nd7+ Kg7 37. Re5 Rgxf5 38. Rxf5 Rxf5 39. Ke2 h5 40. Rg1+ Kh7 41. Ke3 h4 42. b3 h3 43. Rh1 Rh5 44. Kf4 Kg6 45. Rg1+ Kh7 46. Kg3 Rg5+ 47. Kh2 Rf5 48. Kxh3 Rxf2 49. Rg2 Rf5 50. Kh4 a5 51. Rg5 Rf2 52. Rxc5 Rxa2 53. Rb5 a4 54. bxa4 Rxa4 55. Kg5 Kg7 56. c5 Ra6 57. Rb6 Ra1 58. Rxb4 Rc1 59. Rb5 Rg1+ 60. Kf5 Nh6+ 61. Ke4 Re1+ 62. Kd5 Rd1+ 63. Kc6 Re1 64. Rb4 Rxe6+ 65. Kd5 Re1 66. c6 e6+ 67. Kc5 Nf5 68. c7 Ne7 69. Nb6 e5 70. Nc4 Rd1 71. Rb7 Rd5+ 72. Kb4 Kf6 73. Rb6+ Kf5 74. Ne3+ Ke4 75. Re6 1-0

[Event "LSS WC-2013-S-00007"]
[Site "LSS email"]
[Date "2010.07.20"]
[Round "?"]
[White "De Jesus, Gerard"]
[Black "Woelfelschneider, Peter"]
[Result "1-0"]
[WhiteElo "2259"]
[BlackElo "2220"]
[PlyCount "75"]
[EventDate "2010.07.25"]
[EventType "tourn (corr)"]
[EventRounds "10"]
[EventCountry "GER"]
[SourceTitle "Telechess CBM 151"]
[Source "ChessBase"]
[SourceDate "2012.11.13"]
[SourceVersion "1"]
[SourceVersionDate "2012.11.13"]
[SourceQuality "1"]

1. e4 e6 2. d4 d5 3. Nc3 Nf6 4. e5 Nfd7 5. f4 c5 6. Nf3 Nc6 7. Be3 Be7 8. Qd2 0-0 9. dxc5 Nxc5 10. 0-0-0 b6 11. Bb5 Qc7 12. Bxc6 Qxc6 13. Nd4 Qc7 14. Kb1 Bb7 15. g4 a6 16. f5 b5 17. a3 Rac8 18. Rhf1 Rfe8 19. h4 Bf8 20. Qf2 Ne4 21. Nxe4 dxe4 22. h5 Bd5 23. f6 gxf6 24. exf6 Qc4 25. b3 Qc3 26. Bc1 Qc5 27. Bb2 e5 28. Nf5 Qxf2 29. Rxf2 Bc6 30. Bc1 Re6 31. g5 Be8 32. Kb2 Kh8 33. b4 h6 34. Nxh6 Bxh6 35. gxh6 Rec6 36. h7 R8c7 37. Rg1 Bd7 38. Rfg2 1-0

[Event "LSS WC-2013-S-00007"]
[Site "LSS email"]
[Date "2010.07.20"]
[Round "?"]
[White "Mueller, Michael"]
[Black "De Jesus, Gerard"]
[Result "1/2-1/2"]
[WhiteElo "2183"]
[BlackElo "2259"]
[PlyCount "95"]
[EventDate "2010.07.25"]
[EventType "tourn (corr)"]
[EventRounds "10"]
[EventCountry "GER"]
[SourceTitle "Telechess CBM 147"]
[Source "ChessBase"]
[SourceDate "2012.03.16"]
[SourceVersion "1"]
[SourceVersionDate "2012.03.16"]
[SourceQuality "1"]

1. e4 g6 2. d4 Bg7 3. Nc3 d6 4. Be3 a6 5. Nf3 b5 6. Bd3 Bb7 7. 0-0 Nd7 8. a4 b4 9. Ne2 Ngf6 10. Ng3 0-0 11. c3 bxc3 12. bxc3 c5 13. a5 e6 14. h3 Qc7 15. Qe2 Rfb8 16. Rfb1 Bc6 17. Rc1 Rb7 18. Bf4 Bf8 19. Nf1 Rab8 20. N1d2 Rb2 21. Qe3 Bb5 22. Nc4 Bxc4 23. Bxc4 Qc6 24. Ng5 Qb7 25. Re1 Ra8 26. Ra2 Rb1 27. Bd3 Rb3 28. Bc4 cxd4 29. Qxd4 Rb1 30. Rae2 Rxe1+ 31. Rxe1 Qc7 32. Nxe6 fxe6 33. Bxe6+ Kg7 34. Bxd7 Qxd7 35. Rb1 Be7 36. Rb6 Qe6 37. Bxd6 Rd8 38. e5 Bxd6 39. Rxd6 Rxd6 40. exd6 Kf7 41. Qa7+ Nd7 42. Qxa6 Kf6 43. Qd3 Qe1+ 44. Kh2 Qe5+ 45. f4 Qxf4+ 46. Kh1 Qc1+ 47. Kh2 Qf4+ 48. Kh1 1/2-1/2

[Event "LSS WC-2013-S-00007"]
[Site "LSS email"]
[Date "2010.07.20"]
[Round "?"]
[White "Van Seben, Edgar"]
[Black "De Jesus, Gerard"]
[Result "1-0"]
[WhiteElo "2384"]
[BlackElo "2259"]
[PlyCount "123"]
[EventDate "2010.07.25"]
[EventType "tourn (corr)"]
[EventRounds "10"]
[EventCountry "GER"]
[SourceTitle "Telechess CBM 147"]
[Source "ChessBase"]
[SourceDate "2012.03.16"]
[SourceVersion "1"]
[SourceVersionDate "2012.03.16"]
[SourceQuality "1"]

1. d4 Nf6 2. c4 e6 3. Nc3 Bb4 4. Qc2 Nc6 5. Nf3 d6 6. Bd2 0-0 7. a3 Bxc3 8. Bxc3 Qe7 9. e4 e5 10. d5 Nb8 11. Nd2 a5 12. b4 Na6 13. Nb3 b6 14. Be2 Bd7 15. 0-0 Ba4 16. f3 Nb8 17. Rfb1 Nbd7 18. Qd2 Bxb3 19. Rxb3 a4 20. Rb2 h6 21. Rc1 Nh5 22. g3 f5 23. exf5 Rxf5 24. Qe3 Qf7 25. Bd1 Nhf6 26. Rf2 b5 27. Bc2 Rg5 28. cxb5 Nxd5 29. Qe1 Kh8 30. Bd2 Rh5 31. Rf1 Rh3 32. Be4 N7f6 33. Bf5 Qh5 34. Bxh3 Qxh3 35. Rc6 Re8 36. Qe2 Qf5 37. Be3 Ng8 38. Qd2 Nge7 39. Ra6 Qd7 40. Ra5 Kg8 41. b6 Nxe3 42. Qxe3 Nf5 43. Qf2 cxb6 44. Qxb6 Rf8 45. Ra7 Qc8 46. Qc7 Qe6 47. g4 Qg6 48. Qc4+ Kh8 49. Qa6 Kh7 50. Ra8 Rf7 51. Qd3 h5 52. h3 Qg5 53. Rf2 Qc1+ 54. Qf1 Qg5 55. Qc4 Nh6 56. b5 hxg4 57. hxg4 Qe3 58. Qe4+ Qxe4 59. fxe4 Rb7 60. Rb2 Nxg4 61. b6 Nf6 62. Ra7 1-0

[Event "LSS WC-2011-T-00004"]
[Site "LSS email"]
[Date "2010.06.10"]
[Round "?"]
[White "De Jesus, Gerard"]
[Black "Bjazevic, Pavao"]
[Result "1-0"]
[WhiteElo "2250"]
[BlackElo "2311"]
[PlyCount "49"]
[EventDate "2010.06.15"]
[EventType "tourn (corr)"]
[EventRounds "10"]
[EventCountry "GER"]
[SourceTitle "Telechess CBM 147"]
[Source "ChessBase"]
[SourceDate "2012.03.16"]
[SourceVersion "1"]
[SourceVersionDate "2012.03.16"]
[SourceQuality "1"]

1. e4 g6 2. d4 Bg7 3. Nc3 d6 4. Be3 Nf6 5. Nf3 c6 6. Qd2 Bg4 7. 0-0-0 Qa5 8. Kb1 Nbd7 9. h3 Bxf3 10. gxf3 b5 11. h4 Nb6 12. b3 Nh5 13. f4 b4 14. Ne2 e6 15. Bg2 d5 16. e5 Bf8 17. Bf3 Ng7 18. h5 Be7 19. hxg6 fxg6 20. f5 Nxf5 21. Bg4 0-0-0 22. Nf4 Kd7 23. Bxf5 exf5 24. Nd3 Kc8 25. Bg5 1-0

[Event "LSS CP-2009-P-00050"]
[Site "LSS email"]
[Date "2009.09.27"]
[Round "?"]
[White "De Jesus, Gerard"]
[Black "Schloegl, Dietrich"]
[Result "1-0"]
[WhiteElo "2215"]
[BlackElo "1789"]
[PlyCount "75"]
[EventDate "2009.10.01"]
[EventType "tourn (corr)"]
[EventRounds "6"]
[EventCountry "GER"]
[SourceTitle "Corr 2013"]
[Source "ChessBase"]
[SourceDate "2012.11.12"]
[SourceVersion "1"]
[SourceVersionDate "2012.11.12"]
[SourceQuality "1"]
[WhiteTeam "US of America"]
[BlackTeam "US of America"]
[WhiteTeamCountry "USA"]
[BlackTeamCountry "USA"]

1. e4 d5 2. exd5 Qxd5 3. Nc3 Qa5 4. d4 Nf6 5. Nf3 c6 6. Bd2 Bf5 7. Bc4 e6 8. Nd5 Qd8 9. Nxf6+ gxf6 10. Bb3 Nd7 11. Qe2 Qc7 12. Nh4 Bg6 13. 0-0-0 0-0-0 14. Kb1 Kb8 15. g3 Nb6 16. Qf3 Be7 17. Nxg6 hxg6 18. Be3 a5 19. a4 Nd5 20. Bd2 f5 21. h4 Ka8 22. c3 Qb6 23. Ka2 c5 24. dxc5 Bxc5 25. Bg5 f6 26. Bc1 Bxf2 27. Bxd5 exd5 28. Bf4 Rhe8 29. Rxd5 Re4 30. Rhd1 Rxd5 31. Rxd5 Qe6 32. c4 Be1 33. Rd8+ Ka7 34. Bb8+ Ka8 35. Bc7+ Ka7 36. Qb3 Bb4 37. Bb8+ Ka8 38. c5 1-0

[Event "LSS CP-2009-P-00050"]
[Site "LSS email"]
[Date "2009.09.27"]
[Round "?"]
[White "Do Amaral, Rogerio Einloft"]
[Black "De Jesus, Gerard"]
[Result "0-1"]
[WhiteElo "1820"]
[BlackElo "2215"]
[PlyCount "86"]
[EventDate "2009.10.01"]
[EventType "tourn (corr)"]
[EventRounds "6"]
[EventCountry "GER"]
[SourceTitle "Corr 2013"]
[Source "ChessBase"]
[SourceDate "2012.11.12"]
[SourceVersion "1"]
[SourceVersionDate "2012.11.12"]
[SourceQuality "1"]
[WhiteTeam "US of America"]
[BlackTeam "US of America"]
[WhiteTeamCountry "USA"]
[BlackTeamCountry "USA"]

1. e4 e5 2. Nf3 Nc6 3. Bb5 a6 4. Ba4 d6 5. d4 Bd7 6. c3 g6 7. 0-0 Bg7 8. Bg5 f6 9. Be3 Nh6 10. h3 0-0 11. dxe5 fxe5 12. Bb3+ Kh8 13. c4 b6 14. Nc3 Ng8 15. a3 Nf6 16. Rc1 Be6 17. Ba2 Qd7 18. b4 a5 19. b5 Nd8 20. Qe2 Nb7 21. Rfd1 Nh5 22. Ng5 Nc5 23. Nxe6 Qxe6 24. Nd5 Rf7 25. Bxc5 dxc5 26. Qe3 Raf8 27. Rc2 Nf4 28. Bb1 Bh6 29. Qg3 Qe8 30. Re1 Qd8 31. h4 g5 32. hxg5 Bxg5 33. Qc3 Rg7 34. g3 Ne6 35. Kg2 Nd4 36. Ra2 Qd7 37. Rh1 Qg4 38. a4 h5 39. Rh2 h4 40. Rh3 Kg8 41. Bd3 Rf3 42. Be2 Rxf2+ 43. Kxf2 Qxh3 0-1

[Event "LSS CP-2009-P-00050"]
[Site "LSS email"]
[Date "2009.09.27"]
[Round "?"]
[White "Kroes, Friso"]
[Black "De Jesus, Gerard"]
[Result "0-1"]
[WhiteElo "1996"]
[BlackElo "2216"]
[PlyCount "140"]
[EventDate "2009.10.01"]
[EventType "tourn (corr)"]
[EventRounds "6"]
[EventCountry "GER"]
[SourceTitle "Corr 2013"]
[Source "ChessBase"]
[SourceDate "2012.11.12"]
[SourceVersion "1"]
[SourceVersionDate "2012.11.12"]
[SourceQuality "1"]
[WhiteTeam "US of America"]
[BlackTeam "US of America"]
[WhiteTeamCountry "USA"]
[BlackTeamCountry "USA"]

1. e4 e5 2. Nf3 Nc6 3. d4 exd4 4. Nxd4 Nf6 5. Nxc6 bxc6 6. e5 Qe7 7. Qe2 Nd5 8. c4 Nb6 9. Nc3 Bb7 10. Bd2 Qe6 11. f4 Bb4 12. 0-0-0 0-0 13. Ne4 a5 14. Be3 f6 15. Bc5 Rfe8 16. Qh5 d5 17. Bxb4 dxe4 18. Bc3 fxe5 19. Bxe5 Ba6 20. Qg5 Qf7 21. b3 a4 22. Be2 axb3 23. axb3 Qf8 24. Bd4 Nd5 25. g3 Reb8 26. Rhe1 e3 27. Kb2 Bc8 28. Qxg7+ Qxg7 29. Bxg7 Nb4 30. Be5 Ra2+ 31. Kc3 Bf5 32. Ra1 Rd2 33. Bd1 c5 34. Rxe3 Rbd8 35. Bxc7 Rxd1 36. Bxd8 Rxa1 37. Re5 Rc1+ 38. Kd2 Rc2+ 39. Ke3 Rc3+ 40. Kd2 Rd3+ 41. Kc1 Bg6 42. Ba5 Rxb3 43. Rg5 Kf8 44. Kd2 Nd3 45. Rd5 Nf2 46. f5 Bf7 47. Kc2 Bxd5 48. Kxb3 Bf3 49. Bb6 Ne4 50. Ka4 Bh5 51. Bc7 Bg4 52. Kb5 Ke7 53. Bf4 Bxf5 54. Be3 Bd7+ 55. Kb6 Kf6 56. Bf4 Be6 57. Kb5 Bc8 58. Be3 h5 59. Bxc5 Bd7+ 60. Kb4 Nxc5 61. Kxc5 Ke5 62. Kb6 Kd4 63. c5 Kd5 64. Kc7 Bg4 65. Kb6 Bf5 66. c6 Kd6 67. c7 Bc8 68. Kb5 Kxc7 69. Kc5 Bb7 70. Kd4 Kd6 0-1

[Event "LSS WC-2013-P-00015"]
[Site "LSS email"]
[Date "2009.02.14"]
[Round "?"]
[White "De Jesus, Gerard"]
[Black "Jordan, Juergen"]
[Result "1/2-1/2"]
[WhiteElo "2175"]
[BlackElo "2192"]
[PlyCount "85"]
[EventDate "2009.02.18"]
[EventType "tourn (corr)"]
[EventRounds "6"]
[EventCountry "GER"]
[SourceTitle "Corr 2011"]
[Source "ChessBase"]
[SourceDate "2010.08.31"]
[SourceVersion "1"]
[SourceVersionDate "2010.08.31"]
[SourceQuality "1"]

1. e4 c5 2. Nc3 Nc6 3. Nf3 e5 4. Bc4 Be7 5. d3 d6 6. Nd2 Nf6 7. Nf1 Bg4 8. f3 Be6 9. Ne3 0-0 10. 0-0 Rb8 11. Ned5 Nd4 12. a4 Nxd5 13. Nxd5 Bg5 14. c3 Bxc1 15. Rxc1 Nc6 16. Ne3 Qg5 17. Qd2 Rbe8 18. Rcd1 g6 19. g3 h5 20. Kh1 Qd8 21. Qf2 Kg7 22. Rg1 Qe7 23. g4 Rh8 24. Nf5+ gxf5 25. gxf5+ Kh7 26. fxe6 fxe6 27. f4 exf4 28. d4 Rhg8 29. dxc5 Ne5 30. cxd6 Qf6 31. Bb5 Rd8 32. Rxg8 Rxg8 33. Bf1 f3 34. d7 Rd8 35. Qxa7 Ng4 36. Qc5 Qh4 37. Rd2 b6 38. Qd6 Nf2+ 39. Rxf2 Qxf2 40. Qe7+ Kh6 41. Qxe6+ Kg5 42. Qf5+ Kh6 43. Qf6+ 1/2-1/2